000 00579nam a2200229Ia 4500
003 OSt
005 20220924144234.0
006 a|||||r|||| 00| 0
007 ta
008 220923b |||||||| |||| 00| 0 urd d
024 _a312993
037 _cTextual
040 _aARTS
_cARTS
_burd
041 _2urd
_aurd
082 _aO168,1M30w, J8
100 _aSiddiqi Aaftab Ahmad
_9217289
245 0 _aSahba-e-Meenai
260 _c1958
650 _aURDU POETRY
942 _hO168,1M30w, J8
_cTEXL
_2CC
999 _c456494
_d456494